| 000 | nam a22 7a 4500 | ||
|---|---|---|---|
| 999 |
_c137665 _d137663 |
||
| 005 | 20171030110143.0 | ||
| 008 | 171030b1999 mx ||||| |||| 00| 0 spa d | ||
| 050 | 0 | 4 |
_aKK997 _bT84 1999 |
| 100 | 1 | _aTuhr, Andreas Von, 1864 - 1925 | |
| 245 | 1 | 0 |
_aDerecho civil : _bparte general / _cAndreas Von Tuhr. |
| 250 | _aPrimera edición | ||
| 260 |
_aMéxico : _bOGS Editores, _cc1999 |
||
| 300 |
_a182 páginas ; _c21 cm. |
||
| 650 | 7 |
_2lemb _aDerecho civil _zAlemán |
|
| 942 |
_2lcc _cLIB |
||